Normal view
MARC view
- Electrical Engineering-Precoding Techniques, Massive MIMO Systems
Entry Topical Term
001 - CONTROL NUMBER
- control field: 35211
003 - CONTROL NUMBER IDENTIFIER
- control field: NUST
005 - DATE AND TIME OF LATEST TRANSACTION
- control field: 20201112144641.0
008 - FIXED-LENGTH DATA ELEMENTS
- fixed length control field: 201112|| aca||aabn | a|a d
040 ## - CATALOGING SOURCE
- Original cataloging agency: NUST
- Transcribing agency: NUST
150 ## - HEADING--TOPICAL TERM
- Topical term or geographic name entry element: Electrical Engineering-Precoding Techniques, Massive MIMO Systems
670 ## - SOURCE DATA FOUND
- Source citation: Work cat.: (NUST): Ali, Muhammad 19316, Precoding Techniques in Downlink for Massive MIMO Systems /, 2015
